Комбинаторно-алгебраические методы и их применения: межвузовский сборник научных трудов

Detalles Bibliográficos
Autor Corporativo: Горьковский гос. ун-т им. Н. И. Лобачевского
Otros Autores: Марков А. А. Александр Александрович (редактор)
Lenguaje:ruso
Publicado: Горький, ГГУ, 1990
Materias:
Formato: MixedMaterials Libro
KOHA link:https://koha.lib.tpu.ru/cgi-bin/koha/opac-detail.pl?biblionumber=202381

MARC

LEADER 00000nam0a2200000 4500
001 202381
005 20231031185339.0
035 |a (RuTPU)RU\TPU\book\220538 
090 |a 202381 
100 |a 20111011d1990 km y0rusy5003 ca 
101 0 |a rus 
102 |a RU 
105 |a y z 000zy 
200 1 |a Комбинаторно-алгебраические методы и их применения  |e межвузовский сборник научных трудов  |f Горьковский гос. ун-т им. Н. И. Лобачевского ; под ред. А. А. Маркова 
210 |a Горький  |c ГГУ  |d 1990 
215 |a 164 с.  |c ил.  |d 20 см 
320 |a Библиогр. в конце ст. 
610 1 |a кибернетика 
610 1 |a комбинаторика 
610 1 |a алгебра высшая 
610 1 |a математические основы 
610 1 |a вероятностные методы 
675 |a 519.7(082)  |z rus 
686 |a 28.01  |2 rugasnti 
702 1 |a Марков  |b А. А.  |g Александр Александрович  |4 340 
712 0 2 |a Горьковский гос. ун-т им. Н. И. Лобачевского 
801 0 |a RU  |b RuMRKP  |c 19950417  |g psbo 
801 1 |a RU  |b 63413507  |c 20111011 
801 2 |a RU  |b 63413507  |c 20180601  |g RCR 
942 |c BK